Malá Fatra - Vrátna Údolná stanica výťahu na Chleb

Zobrazenie: Pohľad spoza stromov na údolnú stanicu vo Vrátnej v popredí parkujú autobusy

Bibliographic Details
Other Authors: Nový, Jozef, 1921-1995 (Photographer)
Format: Photo
Language:Slovak
PhysicalDescription:1 pohľadnica čiernobiela 15 x 11 cm
Published: [Bratislava] VPL 1968
Subjects:

MARC

LEADER 00000nkm a2200000 a 4500
001 vtls011974337
003 SK-MaSNL
005 20260331212247.0
007 kf bo
008 231121s1968 xo g kuslo
015 |a SNBG1968 
035 |a urn:nbn:sk:snk-km00eidp 
035 |a urn:nbn:sk:snk-km45x3f 
035 |a C7B95ECA-0BAC-4B62-A15B-10A355868DFE 
040 |a SNK  |b slo  |c SNK  |e AACR2 
041 0 |a slo 
043 |a e-xo--- 
044 |a xo  |c SK 
072 7 |a 913  |x Regionálna geografia  |2 konspekt 
080 |a (084.121)  |2 2011 
080 |a 721  |2 2011 
080 |a 551.4.036(234.372.4)  |2 2011 
080 |a 913(437.6)  |2 2011 
080 |a 625.5  |2 2011 
100 1 |a Nový, Jozef,  |d 1921-1995  |4 pht  |9 37110 
245 1 0 |a Malá Fatra - Vrátna  |h grafika  |b Údolná stanica výťahu na Chleb  |c foto Jozef Nový 
260 |a [Bratislava]  |b VPL  |c 1968 
300 |a 1 pohľadnica  |b čiernobiela  |c 15 x 11 cm 
520 8 |a Zobrazenie: Pohľad spoza stromov na údolnú stanicu vo Vrátnej v popredí parkujú autobusy 
650 0 7 |a lanovky  |2 SNKPH  |9 16006 
650 0 7 |a budovy  |2 SNKPH  |9 1283 
651 7 |a Vrátna dolina (Slovensko)  |2 SNKPHgeo  |9 160644 
651 7 |a Chleb (Malá Fatra, Slovensko : vrch)  |2 SNKPHgeo  |9 160495 
651 7 |a Malá Fatra (Slovensko : pohorie)  |2 SNKPHgeo  |9 56372 
655 7 |a geografické pohľadnice  |2 SNKPH  |9 70522 
655 7 |a miestne pohľadnice  |2 SNKPH  |9 70510 
852 |a Slovenská národná knižnica 
958 |a GC 
958 |a OND 
958 |a GBN 
958 |a EUIPO 
999 |c 780381  |d 782311 
952 |a SNK  |b SNK  |y PREZ  |7 0  |p 17A1275902  |o snkSP 47556  |0 0  |1 0  |4 0  |d 2020-06-16  |f 1  |l 0  |r 2026-02-24 01:02:48  |w 2026-02-24